[Event "GER-chT Lands U20"]
[Site "Hannover"]
[Date "2016.10.01"]
[Round "1.4"]
[White "Leeb, Simon"]
[Black "Rosenhain, Rachela"]
[Result "1-0"]
[WhiteElo "2101"]
[BlackElo "1847"]
[PlyCount "67"]
[EventDate "2016.10.01"]
[EventType "team-swiss"]
[EventRounds "7"]
[EventCountry "GER"]
[SourceTitle "CBM 174 Extra"]
[Source "ChessBase"]
[SourceDate "2016.10.10"]
[SourceVersion "1"]
[SourceVersionDate "2016.10.10"]
[SourceQuality "1"]
[WhiteTeam "Bayern"]
[BlackTeam "Berlin"]
[WhiteTeamCountry "GER"]
[BlackTeamCountry "GER"]

1. d4 Nf6 2. c4 c5 3. d5 b5 4. cxb5 a6 5. f3 g6 6. e4 d6 7. Bd2 Bg7 8. a4 Bd7 9. Na3 axb5 10. Bxb5 Na6 11. Nc4 Bxb5 12. axb5 Nb4 13. Bxb4 cxb4 14. Rxa8 Qxa8 15. Ne2 Nd7 16. 0-0 0-0 17. Qd2 Qa4 18. b6 Qb5 19. Rc1 Nxb6 20. Ne3 Na4 21. Nd4 Qb6 22. Rc4 Bxd4 23. Rxd4 Rb8 24. Kf2 Nc5 25. Rc4 Qa7 26. Qd4 f6 27. Kg3 Qb6 28. Nc2 Na6 29. Qd2 Kg7 30. Rc6 Qb7 31. Nd4 Nc5 32. Qf4 Qd7 33. Rxc5 g5 34. Qf5 1-0

[Event "GER-ch U14 Girls"]
[Site "Willingen"]
[Date "2016.05.16"]
[Round "3"]
[White "Rosenhain, Rachela"]
[Black "Schneider, Jana"]
[Result "0-1"]
[WhiteElo "1805"]
[BlackElo "2093"]
[PlyCount "66"]
[EventDate "2016.05.15"]
[EventType "swiss"]
[EventRounds "9"]
[EventCountry "GER"]
[SourceTitle "CBM 172 Extra"]
[Source "ChessBase"]
[SourceDate "2016.06.21"]
[SourceVersion "1"]
[SourceVersionDate "2016.06.21"]
[SourceQuality "1"]

1. e4 e5 2. Nf3 Nc6 3. Bc4 Bc5 4. 0-0 Nf6 5. d4 Bxd4 6. Nxd4 Nxd4 7. f4 d6 8. fxe5 dxe5 9. Bg5 Qe7 10. c3 Ne6 11. Bxf6 Qc5+ 12. Kh1 Qxc4 13. Bxe5 Qb5 14. Rf5 Qxb2 15. c4 Qb4 16. Nd2 0-0 17. Rb1 Qe7 18. Nb3 Ng5 19. Rxg5 Qxg5 20. Bxc7 Re8 21. e5 Bg4 22. Qd5 b6 23. Nd4 Be6 24. Qc6 Rac8 25. c5 Qd2 26. Qd6 Bxa2 27. Rg1 bxc5 28. Nb5 Bd5 29. Qa6 Bc4 30. Qc6 Bxb5 31. Qxb5 c4 32. Qxc4 Qd7 33. Rc1 h6 0-1

[Event "GER-ch U14 Girls"]
[Site "Willingen"]
[Date "2016.05.15"]
[Round "1"]
[White "Rosenhain, Rachela"]
[Black "Kung, Fanny"]
[Result "1-0"]
[WhiteElo "1805"]
[BlackElo "1571"]
[PlyCount "55"]
[EventDate "2016.05.15"]
[EventType "swiss"]
[EventRounds "9"]
[EventCountry "GER"]
[SourceTitle "CBM 172 Extra"]
[Source "ChessBase"]
[SourceDate "2016.06.21"]
[SourceVersion "1"]
[SourceVersionDate "2016.06.21"]
[SourceQuality "1"]

1. d4 Nf6 2. c4 e6 3. Nc3 Bb4 4. Qc2 c5 5. dxc5 Bxc5 6. Nf3 Nc6 7. a3 0-0 8. Bg5 Be7 9. Rd1 b6 10. e3 Bb7 11. Bd3 h6 12. Bh4 Rc8 13. 0-0 Na5 14. Nd2 d5 15. cxd5 Bxd5 16. b4 Nb7 17. Qb2 Bxg2 18. Kxg2 Qxd3 19. Nde4 Qc4 20. Rd4 Qc6 21. b5 Qe8 22. Nxf6+ Bxf6 23. Bxf6 gxf6 24. Rg4+ Kh7 25. Ne4 Qe7 26. Nxf6+ Kh8 27. Nd5+ Kh7 28. Qg7# 1-0

[Event "GER-chT U14 Girls"]
[Site "Magdeburg"]
[Date "2015.12.30"]
[Round "7.1"]
[White "Rosenhain, Rachela"]
[Black "Weimert, Miriam"]
[Result "1/2-1/2"]
[WhiteElo "1770"]
[BlackElo "1646"]
[PlyCount "30"]
[EventDate "2015.12.27"]
[EventType "team-swiss"]
[EventRounds "7"]
[EventCountry "GER"]
[SourceTitle "EXT 2017"]
[Source "ChessBase"]
[SourceDate "2016.10.25"]
[SourceVersion "1"]
[SourceVersionDate "2016.10.25"]
[SourceQuality "1"]
[WhiteTeam "Berlin Schachpinguine"]
[BlackTeam "Sasbach"]
[WhiteTeamCountry "GER"]
[BlackTeamCountry "GER"]

1. e4 c5 2. Nf3 a6 3. c4 e6 4. Nc3 Ne7 5. d4 cxd4 6. Nxd4 Ng6 7. Be2 Be7 8. 0-0 Nc6 9. Be3 0-0 10. Qd2 d6 11. Rfd1 Qc7 12. Rac1 Bd7 13. f3 Rac8 14. Bf1 Qb8 15. a3 Nce5 1/2-1/2

[Event "GER-chT U14 Girls"]
[Site "Magdeburg"]
[Date "2015.12.28"]
[Round "4.1"]
[White "Seeburger, Milena"]
[Black "Rosenhain, Rachela"]
[Result "0-1"]
[WhiteElo "1314"]
[BlackElo "1770"]
[PlyCount "98"]
[EventDate "2015.12.27"]
[EventType "team-swiss"]
[EventRounds "7"]
[EventCountry "GER"]
[SourceTitle "EXT 2017"]
[Source "ChessBase"]
[SourceDate "2016.10.25"]
[SourceVersion "1"]
[SourceVersionDate "2016.10.25"]
[SourceQuality "1"]
[WhiteTeam "Ersingen"]
[BlackTeam "Berlin Schachpinguine"]
[WhiteTeamCountry "GER"]
[BlackTeamCountry "GER"]

1. e4 e5 2. Nf3 Nc6 3. Bb5 Nf6 4. 0-0 Nxe4 5. Re1 Nd6 6. Bxc6 dxc6 7. Nxe5 Be7 8. Nc3 0-0 9. d4 Nf5 10. Nf3 Be6 11. Bf4 Qd7 12. Qd3 Rad8 13. Rad1 Rfe8 14. a3 Nd6 15. d5 Bf5 16. dxc6 Qxc6 17. Qd2 Nc4 18. Qc1 Rxd1 19. Rxd1 Bf6 20. Nd4 Bxd4 21. Rxd4 Nxb2 22. h3 Qxc3 23. Rd2 Nc4 24. Rd1 h6 25. a4 Bxc2 26. Rf1 Qd3 27. a5 Nxa5 28. Bxc7 Nc6 29. Bf4 Nd4 30. Kh1 Ne2 31. Qe1 Ng3+ 32. Bxg3 Rxe1 33. Rxe1 b5 34. Re8+ Kh7 35. Re7 Qg6 36. Rxa7 b4 37. Rb7 b3 38. Kh2 Qf6 39. h4 b2 40. Rxb2 Qxb2 41. Kh1 g5 42. hxg5 hxg5 43. Bh2 Qc1+ 44. Bg1 Qf4 45. f3 Qh4+ 46. Bh2 Bd3 47. g3 Qh3 48. f4 Be4+ 49. Kg1 Qg2# 0-1

[Event "Berlin Lichtenrade op 11th"]
[Site "Berlin"]
[Date "2015.10.24"]
[Round "1"]
[White "Rosenhain, Rachela"]
[Black "Baldauf, Marco"]
[Result "0-1"]
[WhiteElo "1792"]
[BlackElo "2404"]
[PlyCount "60"]
[EventDate "2015.10.24"]
[EventType "swiss"]
[EventRounds "9"]
[EventCountry "GER"]
[SourceTitle "CBM 169 Extra"]
[Source "ChessBase"]
[SourceDate "2015.12.18"]
[SourceVersion "1"]
[SourceVersionDate "2015.12.18"]
[SourceQuality "1"]

1. e4 c5 2. Nf3 e6 3. c4 a6 4. Nc3 Qc7 5. Be2 Nf6 6. d4 cxd4 7. Nxd4 b6 8. Be3 Bb7 9. f3 d6 10. 0-0 Nbd7 11. Qd2 Rc8 12. Rac1 Qb8 13. a3 Be7 14. b4 Bd8 15. Rfd1 Bc7 16. Nb3 d5 17. cxd5 exd5 18. Nxd5 Bxd5 19. exd5 Bxh2+ 20. Kh1 Rxc1 21. Rxc1 0-0 22. Bxa6 Bg3 23. Bb5 Qe5 24. Bxd7 Nxd7 25. Qd4 Qh5+ 26. Kg1 Ne5 27. Bf2 Qh2+ 28. Kf1 Qh1+ 29. Ke2 Qxg2 30. Nd2 Bxf2 0-1

[Event "GER-chT Lands U20"]
[Site "Hannover"]
[Date "2015.10.06"]
[Round "6.5"]
[White "Rosenhain, Rachela"]
[Black "Riedel, Erich"]
[Result "0-1"]
[WhiteElo "1730"]
[BlackElo "1758"]
[PlyCount "100"]
[EventDate "2015.10.03"]
[EventType "team-swiss"]
[EventRounds "7"]
[EventCountry "GER"]
[SourceTitle "CBM 168 Extra"]
[Source "ChessBase"]
[SourceDate "2015.10.29"]
[SourceVersion "1"]
[SourceVersionDate "2015.10.29"]
[SourceQuality "1"]
[WhiteTeam "Berlin (U20)"]
[BlackTeam "Thueringen (U20)"]
[WhiteTeamCountry "GER"]
[BlackTeamCountry "GER"]

1. e4 e6 2. d4 d5 3. Nc3 Nf6 4. Bg5 Be7 5. e5 Nfd7 6. Bxe7 Qxe7 7. f4 a6 8. Nf3 c5 9. Bd3 Nc6 10. 0-0 Nxd4 11. Nxd4 cxd4 12. Ne2 Qb4 13. c3 dxc3 14. bxc3 Qc5+ 15. Kh1 g6 16. Rc1 b6 17. Qe1 Bb7 18. Nd4 Qc7 19. Qh4 Qd8 20. Qh6 Nc5 21. Qg7 Rf8 22. Bc2 h5 23. Nf3 Qd7 24. Rb1 b5 25. Ng5 0-0-0 26. Qf6 Rde8 27. Rfd1 Qd8 28. Qxd8+ Rxd8 29. Rb4 Rd7 30. Rbd4 Rc7 31. Rc1 Kd8 32. Bb3 Ke7 33. Rd2 Rfc8 34. Rdc2 a5 35. Re2 Nxb3 36. axb3 Rxc3 37. Rb1 Rc1+ 38. Re1 Rxe1+ 39. Rxe1 Rc3 40. Rb1 d4 41. Kg1 b4 42. Ra1 Rc5 43. Rd1 Bd5 44. Rxd4 Rc3 45. Rd1 Rxb3 46. Ra1 Ra3 47. Rc1 Rc3 48. Ra1 b3 49. Rxa5 b2 50. Ra7+ Ke8 0-1

[Event "GER-chT Lands U20"]
[Site "Hannover"]
[Date "2015.10.05"]
[Round "4.5"]
[White "Rosenhain, Rachela"]
[Black "Wagner, Swenja"]
[Result "1/2-1/2"]
[WhiteElo "1730"]
[BlackElo "1637"]
[PlyCount "68"]
[EventDate "2015.10.03"]
[EventType "team-swiss"]
[EventRounds "7"]
[EventCountry "GER"]
[SourceTitle "CBM 168 Extra"]
[Source "ChessBase"]
[SourceDate "2015.10.29"]
[SourceVersion "1"]
[SourceVersionDate "2015.10.29"]
[SourceQuality "1"]
[WhiteTeam "Berlin (U20)"]
[BlackTeam "Mecklenburg Vorpommern (U20)"]
[WhiteTeamCountry "GER"]
[BlackTeamCountry "GER"]

1. e4 e5 2. Nf3 Nc6 3. Bc4 Nf6 4. d4 exd4 5. 0-0 Nxe4 6. Re1 d5 7. Bxd5 Qxd5 8. Nc3 Qh5 9. Nxe4 Be6 10. Bg5 Bd6 11. Nxd6+ cxd6 12. Bf4 Qd5 13. Qd2 0-0 14. c3 dxc3 15. Qxc3 Rfd8 16. Red1 Qc5 17. Bxd6 Qxc3 18. bxc3 Rd7 19. Rd2 Rad8 20. Bf4 Rxd2 21. Nxd2 Rd3 22. Ne4 Bxa2 23. h3 Bd5 24. Nc5 Rxc3 25. Nxb7 f6 26. Nd6 Nd4 27. Kf1 Bc4+ 28. Nxc4 Rxc4 29. Rxa7 Rb4 30. Ra1 Kf7 31. Re1 Nc2 32. Rc1 Rxf4 33. Rxc2 Re4 34. Ra2 Re7 1/2-1/2

[Event "GER-ch U14 Girls"]
[Site "Willingen"]
[Date "2015.05.30"]
[Round "9"]
[White "Rosenhain, Rachela"]
[Black "Browning, Rebecca"]
[Result "1-0"]
[WhiteElo "1766"]
[BlackElo "1652"]
[PlyCount "79"]
[EventDate "2015.05.24"]
[EventType "swiss"]
[EventRounds "9"]
[EventCountry "GER"]
[SourceTitle "CBM 166 Extra"]
[Source "ChessBase"]
[SourceDate "2015.06.18"]
[SourceVersion "1"]
[SourceVersionDate "2015.06.18"]
[SourceQuality "1"]

1. e4 c5 2. Nf3 b6 3. d4 cxd4 4. Nxd4 e6 5. Nb5 a6 6. Nd6+ Bxd6 7. Qxd6 Bb7 8. Nc3 Qe7 9. Qxb6 d6 10. Bf4 e5 11. Bg5 Nf6 12. Bxf6 gxf6 13. 0-0-0 Bc6 14. Bxa6 0-0 15. Bb5 Bxb5 16. Qxb5 Rd8 17. Nd5 Qa7 18. a3 Nd7 19. Ne7+ Kf8 20. Nc6 Qc7 21. Nxd8 Rxd8 22. Qd3 Nc5 23. Qf3 Ke7 24. g4 Ne6 25. h4 Nd4 26. Qd3 Ne6 27. g5 fxg5 28. hxg5 Rc8 29. Rxh7 Nxg5 30. Rh6 Ne6 31. Rd2 Qb6 32. Qf3 Nf4 33. Qg4 Qc5 34. Qg5+ Kd7 35. Qf5+ Kc7 36. Qxf7+ Kb8 37. Rhxd6 Qb5 38. Rd8 Qf1+ 39. Rd1 Qc4 40. Qxc4 1-0

[Event "GER-ch U14 Girls"]
[Site "Willingen"]
[Date "2015.05.26"]
[Round "4"]
[White "Rosenhain, Rachela"]
[Black "Schulze, Lara"]
[Result "0-1"]
[WhiteElo "1766"]
[BlackElo "1820"]
[PlyCount "88"]
[EventDate "2015.05.24"]
[EventType "swiss"]
[EventRounds "9"]
[EventCountry "GER"]
[SourceTitle "CBM 166 Extra"]
[Source "ChessBase"]
[SourceDate "2015.06.18"]
[SourceVersion "1"]
[SourceVersionDate "2015.06.18"]
[SourceQuality "1"]

1. e4 e6 2. d4 d5 3. Nc3 Nf6 4. Bg5 Be7 5. e5 Nfd7 6. Bxe7 Qxe7 7. f4 a6 8. Nf3 c5 9. Bd3 Nc6 10. 0-0 cxd4 11. Ne2 Nc5 12. a3 Bd7 13. Nexd4 Rc8 14. Qd2 Na4 15. b3 Nxd4 16. Nxd4 Nc3 17. Bc4 Ne4 18. Qe3 Qc5 19. Rfd1 Bc6 20. Be2 Qc3 21. Qxc3 Nxc3 22. Rd3 Nxe2+ 23. Nxe2 Bb5 24. Rc3 Rxc3 25. Nxc3 Kd7 26. a4 Rc8 27. axb5 Rxc3 28. bxa6 bxa6 29. Rxa6 Rxc2 30. Ra7+ Rc7 31. Ra2 Rb7 32. Rb2 Kc6 33. Kf2 Kc5 34. Ke3 Kb4 35. Kd2 Ka3 36. Kc2 Rc7+ 37. Kb1 Kb4 38. g3 Rc3 39. Ka2 d4 40. Rd2 d3 41. Rb2 Rc1 42. Rf2 Re1 43. Rb2 Kc3 44. b4 Re2 0-1

[Event "GER-ch U12"]
[Site "Magdeburg"]
[Date "2014.06.11"]
[Round "6"]
[White "Wenzel, Calvin"]
[Black "Rosenhain, Rachela"]
[Result "1/2-1/2"]
[WhiteElo "1432"]
[BlackElo "1579"]
[PlyCount "93"]
[EventDate "2014.06.08"]
[EventType "swiss"]
[EventRounds "11"]
[EventCountry "GER"]
[SourceTitle "CBM 160 Extra"]
[Source "ChessBase"]
[SourceDate "2014.07.01"]
[SourceVersion "1"]
[SourceVersionDate "2014.07.01"]
[SourceQuality "1"]

1. e4 e5 2. Nc3 Nf6 3. Bc4 Nc6 4. d3 Bc5 5. Nf3 h6 6. Ne2 0-0 7. c3 d5 8. exd5 Nxd5 9. 0-0 Re8 10. b4 Bb6 11. Bxd5 Qxd5 12. c4 Qd7 13. c5 Nxb4 14. cxb6 axb6 15. Qb3 Qxd3 16. Qxb4 Qxe2 17. Re1 Qd3 18. Nxe5 Qd5 19. Nf3 Be6 20. a3 b5 21. Qe4 Qxe4 22. Rxe4 Bd5 23. Rxe8+ Rxe8 24. Be3 Bxf3 25. gxf3 c6 26. Rd1 Ra8 27. Bc5 b6 28. Bxb6 Rxa3 29. Rc1 Rxf3 30. Rxc6 Rf6 31. Rxf6 gxf6 32. Kf1 Kf8 33. Ke2 Ke7 34. Bc7 Kd7 35. Bg3 Ke6 36. Kd3 Kd5 37. Kc3 Ke4 38. Kb4 Kf3 39. Kxb5 f5 40. Kc6 f4 41. Kd7 fxg3 42. fxg3 f5 43. Ke6 f4 44. Kf5 fxg3 45. hxg3 Kxg3 46. Kg6 Kg4 47. Kxh6 1/2-1/2

[Event "GER-ch U12"]
[Site "Magdeburg"]
[Date "2014.06.09"]
[Round "4"]
[White "Ter Stal, Sven"]
[Black "Rosenhain, Rachela"]
[Result "1-0"]
[WhiteElo "1702"]
[BlackElo "1579"]
[PlyCount "91"]
[EventDate "2014.06.08"]
[EventType "swiss"]
[EventRounds "11"]
[EventCountry "GER"]
[SourceTitle "CBM 160 Extra"]
[Source "ChessBase"]
[SourceDate "2014.07.01"]
[SourceVersion "1"]
[SourceVersionDate "2014.07.01"]
[SourceQuality "1"]

1. e4 e5 2. Nf3 Nc6 3. Bc4 Nf6 4. d3 Be7 5. c3 0-0 6. Bb3 d6 7. Nbd2 Be6 8. h3 d5 9. Qe2 Re8 10. Nf1 Qd7 11. Ng3 dxe4 12. dxe4 Bxb3 13. axb3 Rad8 14. 0-0 Qd3 15. Qxd3 Rxd3 16. Bg5 h6 17. Bxf6 Bxf6 18. Nf5 Red8 19. Ne3 R3d7 20. Nd5 Be7 21. Rfd1 Bc5 22. b4 Bd6 23. b5 Ne7 24. Rxa7 b6 25. Nxe7+ Rxe7 26. Kf1 Red7 27. Ke2 Kf8 28. Nh4 g6 29. Nf3 Ke7 30. Ne1 Ke6 31. Nc2 f5 32. f3 g5 33. Ne3 f4 34. Nd5 h5 35. Rda1 Rb8 36. Ra8 Rdd8 37. Rxb8 Rxb8 38. Ra7 Rc8 39. c4 h4 40. b4 Kf7 41. Nxb6 Rd8 42. Nd5 Kg8 43. Kd3 Bxb4 44. Rxc7 Ba5 45. Re7 Bb6 46. Rxe5 1-0

[Event "GER-ch U12"]
[Site "Magdeburg"]
[Date "2014.06.08"]
[Round "2"]
[White "Wierzbicki, Jirawat"]
[Black "Rosenhain, Rachela"]
[Result "1/2-1/2"]
[WhiteElo "1767"]
[BlackElo "1579"]
[PlyCount "111"]
[EventDate "2014.06.08"]
[EventType "swiss"]
[EventRounds "11"]
[EventCountry "GER"]
[SourceTitle "CBM 160 Extra"]
[Source "ChessBase"]
[SourceDate "2014.07.01"]
[SourceVersion "1"]
[SourceVersionDate "2014.07.01"]
[SourceQuality "1"]

1. e4 e5 2. d4 exd4 3. Qxd4 Nc6 4. Qe3 d6 5. Bd2 Nf6 6. Nc3 Be6 7. 0-0-0 Qd7 8. f4 Qe7 9. h3 0-0-0 10. g4 d5 11. e5 d4 12. exf6 dxe3 13. fxe7 exd2+ 14. Rxd2 Bxe7 15. Bg2 Rxd2 16. Kxd2 Rd8+ 17. Kc1 Nb4 18. a3 Nd5 19. Nge2 Ne3 20. Bf3 Nc4 21. Rd1 Rxd1+ 22. Nxd1 c6 23. Nd4 Bd7 24. Be4 g6 25. Bd3 Nb6 26. Ne3 Bc5 27. c3 Kc7 28. b4 Bd6 29. Ne2 Be6 30. c4 c5 31. b5 a6 32. bxa6 bxa6 33. Kd2 Be7 34. Nc3 Kd6 35. Ne4+ Kc6 36. Kc3 Bd6 37. Nxd6 Kxd6 38. Be4 a5 39. h4 a4 40. f5 Bd7 41. fxg6 fxg6 42. h5 Be8 43. hxg6 Bxg6 44. Bf5 Ke5 45. Kd3 Bxf5+ 46. gxf5 h5 47. Ke2 Nc8 48. Kf3 Nd6 49. f6 Kxf6 50. Kf4 Ke6 51. Nd1 Nxc4 52. Kg5 Nxa3 53. Nc3 Nc4 54. Nxa4 Kd5 55. Nxc5 Kxc5 56. Kxh5 1/2-1/2

[Event "EU-ch U12 Girls 23rd"]
[Site "Budva"]
[Date "2013.10.07"]
[Round "8"]
[White "Golub, Nikolina"]
[Black "Rosenhain, Rachela"]
[Result "0-1"]
[WhiteElo "1418"]
[BlackElo "1647"]
[PlyCount "80"]
[EventDate "2013.09.29"]
[EventType "swiss"]
[EventRounds "9"]
[EventCountry "MNE"]
[SourceTitle "EXT 2014"]
[Source "ChessBase"]
[SourceDate "2013.11.20"]
[SourceVersion "1"]
[SourceVersionDate "2013.11.20"]
[SourceQuality "1"]

1. e4 e5 2. Nf3 Nc6 3. d4 exd4 4. Nxd4 Nf6 5. Nc3 Bb4 6. Nxc6 bxc6 7. Bd3 0-0 8. 0-0 Re8 9. Qf3 h6 10. h3 d5 11. exd5 cxd5 12. Ne2 Rb8 13. c3 Be7 14. Nd4 Bd7 15. b4 c6 16. Bf4 Rb6 17. Rfe1 c5 18. bxc5 Bxc5 19. Nb3 Bd6 20. Be3 Rc6 21. Bd4 a6 22. Re3 Rxe3 23. Qxe3 Be7 24. Qf3 Be6 25. Re1 Qc7 26. Qe3 Nd7 27. f4 Nc5 28. Nxc5 Bxc5 29. f5 Bxd4 30. cxd4 Bd7 31. g4 Rc3 32. f6 gxf6 33. Kg2 Kg7 34. Rf1 Bb5 35. Rd1 Qa5 36. Qd2 Qa3 37. Bxb5 Rg3+ 38. Kf1 Qf3+ 39. Ke1 Rg1+ 40. Bf1 Rxf1# 0-1

[Event "GER-ch U12"]
[Site "Oberhof"]
[Date "2013.05.25"]
[Round "11"]
[White "Rosenhain, Rachela"]
[Black "Wiesner, Alexander"]
[Result "1-0"]
[WhiteElo "1335"]
[BlackElo "1658"]
[PlyCount "127"]
[EventDate "2013.05.19"]
[EventType "swiss"]
[EventRounds "11"]
[EventCountry "GER"]
[SourceTitle "CBM 154 Extra"]
[Source "ChessBase"]
[SourceDate "2013.06.25"]
[SourceVersion "2"]
[SourceVersionDate "2013.06.25"]
[SourceQuality "1"]

1. e4 c5 2. Nf3 Nc6 3. d4 cxd4 4. Nxd4 Nf6 5. Nc3 e5 6. Ndb5 d6 7. Nd5 Nxd5 8. exd5 Nb8 9. c4 a6 10. Nc3 Be7 11. Bd3 0-0 12. 0-0 f5 13. Be3 Bg5 14. Rb1 Nd7 15. Bxg5 Qxg5 16. f3 Nc5 17. Re1 Nd7 18. b4 Qe7 19. Qc2 Nb6 20. Na4 Nxa4 21. Qxa4 Bd7 22. Qb3 Kh8 23. Rbc1 Rac8 24. Qc3 a5 25. bxa5 Rc5 26. Rb1 Bc8 27. Rb5 Qc7 28. Reb1 Rf7 29. Kh1 Re7 30. Rxc5 dxc5 31. Rb6 Qd7 32. d6 Re6 33. g4 Rxd6 34. Rxd6 Qxd6 35. gxf5 Qd4 36. Qxd4 exd4 37. Be4 Kg8 38. Kg2 Kf7 39. Kg3 Kf6 40. Kf4 g5+ 41. fxg6 hxg6 42. h4 Kg7 43. Ke5 Bf5 44. Bxb7 d3 45. Bc6 Bh3 46. Ke4 d2 47. Ba4 Bf1 48. Ke3 Bxc4 49. Kxd2 Bxa2 50. a6 Bd5 51. f4 Kf6 52. Bd7 Ke7 53. Bc8 Kd8 54. Bg4 Kc7 55. Kc3 Kb6 56. Be2 Be4 57. Kc4 Bc6 58. a7 Kxa7 59. Kxc5 Be4 60. Kd4 Bf5 61. Bd3 Bxd3 62. Kxd3 Kb7 63. Ke4 Kc7 64. Ke5 1-0

[Event "GER-ch U12"]
[Site "Oberhof"]
[Date "2013.05.21"]
[Round "5"]
[White "Petersen, Marcel"]
[Black "Rosenhain, Rachela"]
[Result "1-0"]
[WhiteElo "1582"]
[BlackElo "1335"]
[PlyCount "117"]
[EventDate "2013.05.19"]
[EventType "swiss"]
[EventRounds "11"]
[EventCountry "GER"]
[SourceTitle "CBM 154 Extra"]
[Source "ChessBase"]
[SourceDate "2013.06.25"]
[SourceVersion "2"]
[SourceVersionDate "2013.06.25"]
[SourceQuality "1"]

1. b3 d5 2. Bb2 c5 3. e3 Nc6 4. Nf3 Bg4 5. Be2 Nf6 6. d4 e6 7. 0-0 Bd6 8. c4 0-0 9. Nbd2 Qe7 10. Ne5 Bxe2 11. Nxc6 Bxh2+ 12. Kh1 bxc6 13. Qxe2 Bc7 14. g3 cxd4 15. exd4 Nd7 16. Kg2 f6 17. Rh1 e5 18. Rh2 g6 19. Rah1 Rf7 20. Nf3 Kf8 21. cxd5 cxd5 22. Qc2 Bd6 23. Qxg6 Rg7 24. Qh6 Ke8 25. Re1 Kd8 26. Nh4 Qf8 27. Nf5 Rf7 28. Nxd6 Qxd6 29. dxe5 Qb4 30. Re2 Re7 31. e6 Qd6 32. Bxf6 Nxf6 33. Qxf6 Kc7 34. Qf4 Rd8 35. Rc2+ Kb7 36. Qxd6 Rxd6 37. Re2 d4 38. Rd2 Kb6 39. f4 Rexe6 40. Rxh7 a5 41. f5 Rf6 42. g4 Kc5 43. Rc7+ Kd5 44. Kf3 Rf8 45. Rdc2 Re6 46. R2c5+ Kd6 47. R7c6+ Kd7 48. Rxe6 d3 49. Rd5+ Kc7 50. Rxd3 Kc8 51. Re7 Kb8 52. Kf4 Kc8 53. g5 Kb8 54. f6 Kc8 55. Kf5 Kb8 56. g6 Kc8 57. g7 Rxf6+ 58. Kxf6 a4 59. g8Q# 1-0

[Event "GER-ch U12"]
[Site "Oberhof"]
[Date "2013.05.20"]
[Round "3"]
[White "Biastoch, Bennet"]
[Black "Rosenhain, Rachela"]
[Result "1-0"]
[WhiteElo "1676"]
[BlackElo "1335"]
[PlyCount "73"]
[EventDate "2013.05.19"]
[EventType "swiss"]
[EventRounds "11"]
[EventCountry "GER"]
[SourceTitle "CBM 154 Extra"]
[Source "ChessBase"]
[SourceDate "2013.06.25"]
[SourceVersion "2"]
[SourceVersionDate "2013.06.25"]
[SourceQuality "1"]

1. e4 e5 2. d4 exd4 3. Qxd4 Nc6 4. Qe3 d6 5. Bd2 Nf6 6. Nc3 Be7 7. 0-0-0 Be6 8. Bd3 Qd7 9. Nf3 0-0-0 10. Ng5 h6 11. Nxe6 fxe6 12. f3 d5 13. exd5 exd5 14. Qf2 Rhf8 15. Rhe1 Bd6 16. Qg1 Rde8 17. g4 Kb8 18. Bf5 Qf7 19. Nb5 Rd8 20. Be3 b6 21. Nxd6 Rxd6 22. Bf4 Rdd8 23. h4 Nd7 24. Qg3 Rc8 25. Bd2 Rcd8 26. Bf4 Rc8 27. h5 Kb7 28. Bd2 Ncb8 29. Be6 Qf6 30. g5 Qd8 31. gxh6 gxh6 32. Bxh6 Rh8 33. Bg5 Qf8 34. Bxd5+ c6 35. Be6 Qg7 36. Bxd7 Nxd7 37. Re7 1-0

[Event "GER-ch U12"]
[Site "Oberhof"]
[Date "2013.05.19"]
[Round "1"]
[White "Schnabel, Bennett"]
[Black "Rosenhain, Rachela"]
[Result "1-0"]
[WhiteElo "1708"]
[BlackElo "1335"]
[PlyCount "63"]
[EventDate "2013.05.19"]
[EventType "swiss"]
[EventRounds "11"]
[EventCountry "GER"]
[SourceTitle "CBM 154 Extra"]
[Source "ChessBase"]
[SourceDate "2013.06.25"]
[SourceVersion "2"]
[SourceVersionDate "2013.06.25"]
[SourceQuality "1"]

1. d4 c5 2. e3 d5 3. Nf3 Nf6 4. c4 e6 5. Nc3 Nc6 6. Be2 Be7 7. 0-0 0-0 8. b3 b6 9. Ba3 Bb7 10. Rc1 cxd4 11. Bxe7 Nxe7 12. Nxd4 dxc4 13. Bxc4 Ned5 14. Nxd5 Nxd5 15. Qg4 Kh8 16. Rfd1 Qe7 17. Nb5 Rfc8 18. h3 a6 19. Nd4 b5 20. Bxd5 Bxd5 21. e4 Bb7 22. Nf3 Rxc1 23. Rxc1 h6 24. Ne5 Qf6 25. Qg3 Bxe4 26. Rc7 Bg6 27. Rc6 Bh5 28. Qe3 g5 29. Qe4 Kg7 30. Rd6 Bg6 31. Nxg6 fxg6 32. Rd7+ 1-0

[Event "GER-chT U10"]
[Site "Magdeburg"]
[Date "2012.12.28"]
[Round "3.1"]
[White "Rosenhain, Rachela"]
[Black "Chung, Nicholas"]
[Result "1/2-1/2"]
[WhiteElo "1451"]
[BlackElo "885"]
[PlyCount "66"]
[EventDate "2012.12.27"]
[EventType "team-swiss"]
[EventRounds "7"]
[EventCountry "GER"]
[SourceTitle "EXT 2014"]
[Source "ChessBase"]
[SourceDate "2013.11.20"]
[SourceVersion "1"]
[SourceVersionDate "2013.11.20"]
[SourceQuality "1"]
[WhiteTeam "Berlin Schachpinguine"]
[BlackTeam "Berlin Schachpinguine II"]
[WhiteTeamCountry "GER"]
[BlackTeamCountry "GER"]

1. e4 e5 2. Nf3 Nc6 3. Bc4 Nf6 4. d4 exd4 5. 0-0 Nxe4 6. Re1 d5 7. Bxd5 Qxd5 8. Nc3 Qa5 9. Nxe4 Be6 10. Neg5 0-0-0 11. Nxe6 fxe6 12. Bg5 Rd6 13. Re4 e5 14. Qe2 Re6 15. Nxd4 Nxd4 16. Rxd4 Bc5 17. Rd5 Bxf2+ 18. Kxf2 Qxd5 19. Rd1 Qc5+ 20. Be3 Qa5 21. Qg4 Rhe8 22. Bg5 Qc5+ 23. Ke1 Qa5+ 24. c3 Qb6 25. Bh4 Qe3+ 26. Qe2 Qxe2+ 27. Kxe2 h6 28. Rf1 g5 29. Bg3 h5 30. h3 h4 31. Bh2 e4 32. Rf5 e3 33. Bg1 Re5 1/2-1/2